000 02636nam a2200373 i 4500
001 195763
003 ES-MaACL
005 20250808063558.0
008 240714s2019 sp ||||| |||| 00| 0 spa d
017 _aTF 12-2019
_bOficina Depósito Legal Tenerife
020 _a978-84-17764-23-4
024 7 _a824-18-005-1
_2nipo
040 _aES-MaACL
_cES-MaACL
_dES-MaACL
080 _a929 Viera y Clavijo, José de (083.824)
245 0 0 _aViera y Clavijo :
_bde isla en continente /
_ccomisario, Rafael Padrón Fernández, Cátedra Cultural Viera y Clavijo de la Universidad de La Laguna
260 _a[Santa Cruz de Tenerife] :
_bViceconsejería de Cultura y Deportes, Gobierno de Canarias,
_c2019
300 _a540 páginas :
_bilustraciones (blanco y negro y color) ;
_c28 x 21 cm
500 _aÍndice
504 _aBibliografía: páginas 505-521
520 _aEste catálogo, con numerosas ilustraciones, completa la exposición sobre José de Viera y Clavijo (Realejo Alto, Tenerife, 1731-Las Palmas de Gran Canaria, 1813), una de las personalidades más importantes de la cultura insular, en particular, y española, en general, del siglo XVIII y comienzos del XIX. Considerado el representante más significativo del movimiento ilustrado en Canarias, se codeó igualmente con lo más granado de la intelectualidad española del momento. Su producción es muy extensa: historia, poesía, novela, teatro y ciencia. Desde el punto de vista científico utilizó sus conocimientos de química e historia natural, aplicados al estudio de las particularidades zoológicas, botánicas y mineralógicas de Canarias. Fruto de sus investigaciones en este campo surgió una obra pionera en nuestro país, su "Diccionario de historia natural" (1799-1810).
585 _aExposición celebrada en la Biblioteca Nacional de España, Sala Hipóstila, Madrid, del 25 de enero al 5 de mayo de 2019
600 1 4 _aViera y Clavijo, José de,
_d1731-1813-
_vExposiciones
_9241612
655 7 _aCatálogos de exposiciones
_2tgfbne
_9193628
700 1 _aPadrón Fernández, Rafael,
_d1972-
_eorm
_9239629
710 2 _aUniversidad de La Laguna.
_bCátedra Cultural Viera y Clavijo
_eisb
_9241614
710 2 _aBiblioteca Nacional de España
_ehis
_9234950
710 1 _aCanarias.
_bGobierno
_eedt
_9241613
852 _aES-MaACL
_bR.153432
_cDEPOJ
_hDonación: Biblioteca Nacional de España
_jN-8772
_xCartoné
_9204621
914 _aBiblioteca Nacional de España
_ednr
_9234950
942 _n0
_cMONOGRAFIA
999 _c195763
_d195763